Successful project management / (Record no. 473)

000 -LEADER
fixed length control field nam a22 a 4500
005 - DATE AND TIME OF LATEST TRANSACTION
control field 20170504092413.0
008 - FIXED-LENGTH DATA ELEMENTS--GENERAL INFORMATION
fixed length control field 170504s2005 -us||||| |||| 00| 0 eng d
020 ## - INTERNATIONAL STANDARD BOOK NUMBER
International Standard Book Number 9781285068374
040 ## - CATALOGING SOURCE
Original cataloging agency AKMAL
082 ## - DEWEY DECIMAL CLASSIFICATION NUMBER
Classification number 658.404 GID
090 ## - LOCALLY ASSIGNED LC-TYPE CALL NUMBER (OCLC); LOCAL CALL NUMBER (RLIN)
Classification number (OCLC) (R) ; Classification number, CALL (RLIN) (NR) 658.404
Local cutter number (OCLC) ; Book number/undivided call number, CALL (RLIN) GID
100 1# - MAIN ENTRY--PERSONAL NAME
Personal name Gido, Jack,
Dates associated with a name 1945-
9 (RLIN) 1095
245 10 - TITLE STATEMENT
Title Successful project management /
Statement of responsibility, etc. Jack Gido, Penn State University, James P. Clements, Clemson University.
250 ## - EDITION STATEMENT
Edition statement Sixth edition
260 ## - PUBLICATION, DISTRIBUTION, ETC.
Place of publication, distribution, etc. Stamford, CT, USA :
Name of publisher, distributor, etc. Cengage Learning,
Date of publication, distribution, etc. [2015]
300 ## - PHYSICAL DESCRIPTION
Extent xxix, 516 pages :
Other physical details illustrations ;
Dimensions 26cm
500 ## - GENERAL NOTE
General note Previously published: Mason, OH : South-Western, c2012.
599 ## - LOCAL NOTE
Local Note DALAM PROSES
650 #0 - SUBJECT ADDED ENTRY--TOPICAL TERM
Topical term or geographic name entry element Project management.
9 (RLIN) 1096
700 1# - ADDED ENTRY--PERSONAL NAME
Personal name Clements, James P.
9 (RLIN) 1097
942 ## - ADDED ENTRY ELEMENTS (KOHA)
Source of classification or shelving scheme
Koha item type Book
950 ## - LOCAL HOLDINGS (RLIN)
Permanent shelving location, LOC (RLIN) AKMAL
Holdings
Withdrawn status Lost status Source of classification or shelving scheme Damaged status Not for loan Collection code Home library Current library Shelving location Date acquired Inventory number Total Checkouts Full call number Barcode Date last seen Price effective from Koha item type
          NON-FICTION AKMAL Melaka AKMAL Melaka PINJAMAN 04.05.2017 302740   658.404 GID 201701451 04.05.2017 04.05.2017 Book
Pusat Sumber Maklumat Dato' Haji Sarmin Md Hussin, Akademi Kastam Diraja Malaysia, Melaka
Tel: 06-2331106 | Faks: 06-2313787